000 00996nam a2200217Ii 4500
003 JO-AjNU
008 230605s9999||||xx |||||||||||||| ||und||
017 _a1977/592
040 _aJO-AjNU
_bara
_erda
_cJO-AjNU
041 _aara
050 1 4 _aPJ6101.S85 1977
100 3 _aتاليف الاسيوطي، عبد الرحمن؛ تحقيق عبد الكريم المدرس,
_eauthor
_939293
245 0 0 _aالفرائد الجديدة: تحتوي على نظم الفريدة وشرحها المطالع السعيدة وكلاهما للشيخ عبد الرحمن الاسيوطي
264 3 1 _aبغداد: الجمهورية العراقية وزارة الاوقاف التراث الاسلامي،1977
300 _a543ص
336 _atext
_btxt
_2rdacontent
337 _aunmediated
_bn
_2rdamedia
338 _avolume
_bnc
_2rdacarrier
490 0 _aالتراث الاسلامي 26
650 4 _aاللغة العربية-شعر-ديوان شعر-الفرائد الجديدة
_939294
999 _aA16583
_c20151
_d20151